000 01266cam a2200217 4500
001 WB3925-16
008 030701n2003 000 0 eng u
035 _a(Sirsi) u122836
245 _aCAP reform agreement
260 _c2003
490 _aRICS Rural Faculty News
_v27 June 2003 (4)
520 _aEU farm ministers have finally agreed on the much disputed formula for reforming the Common Agricultural Policy (CAP). In a statement to the House of Commons Secretary of State Margaret Beckett assured MPs the agreement proposals would deliver 'real change' to European farming. The most important element in the package is the new Single Farm Payment which can be used to replace the various existing direct payment schemes. A summary of the agreement is available at www.defra.gov.uk/farm/capreform/agreement-summary.htm. Margaret Beckett's statement is available at www.defra.gov.uk/corporate/ministers/statements/mb030626.htm. www.rics.org/ricscms/bin/show?class=News&template=/includes/shownews.html&id=6281
590 _aWB
650 _aCOMMON AGRICULTURAL POLICY
650 _aCAP REFORM
650 _aSINGLE FARM PAYMENT
650 _aEUROPEAN COMMISSION
650 _aFARMING INDUSTRY
690 _aRURAL-AGRICULTURE AND FORESTRY
942 _n0
999 _c72963
_d72963